[Event "MEX-ch op 52nd "]
[Site "Mexico City"]
[Date "2006.04.13"]
[Round "3"]
[White "Garza Villarreal, Jaime"]
[Black "Estrada Nieto, Julian"]
[Result "0-1"]
[WhiteElo "2192"]
[BlackElo "2370"]
[PlyCount "76"]
[EventDate "2006.04.11"]
[EventType "swiss"]
[EventRounds "9"]
[EventCountry "MEX"]
[SourceTitle "EXT 2007"]
[Source "ChessBase"]
[SourceDate "2006.11.23"]
[SourceVersion "1"]
[SourceVersionDate "2006.11.23"]
[SourceQuality "1"]

1. d4 d5 2. Nf3 Nf6 3. c4 dxc4 4. Nc3 a6 5. e3 e6 6. Bxc4 c5 7. 0-0 b5 8. Be2 Bb7 9. Qc2 cxd4 10. exd4 Nc6 11. Bg5 Be7 12. Rfd1 0-0 13. a3 Nd5 14. Bxe7 Ncxe7 15. Nxd5 Qxd5 16. Qc7 Nf5 17. Qf4 Rac8 18. Rac1 h6 19. b4 Rfe8 20. Rd3 Qa2 21. Bf1 Rxc1 22. Qxc1 Bxf3 23. Rxf3 Nxd4 24. Rd3 Qd5 25. Rg3 g6 26. Rh3 h5 27. Rd3 e5 28. h3 Kg7 29. Rc3 Qe4 30. Re3 Qd5 31. Rc3 Re6 32. Qe3 Nf5 33. Qc1 Rf6 34. Rc8 Qd4 35. Qc5 Qd6 36. Qxd6 Nxd6 37. Rd8 Re6 38. h4 Kf6 0-1